Knowledge, technology and economic growth recent evidence from OECD countries

Salvato in:
Dettagli Bibliografici
Autore principale: Bassanini, Andrea
Altri autori: Scarpetta, Stefano, Visco, Ignazio
Natura: Libro
Lingua:inglese
Pubblicazione: Paris OECD-Economics Department 2000
Serie:Working papers no. 259
Soggetti:
Tags: Aggiungi Tag
Nessun Tag, puoi essere il primo ad aggiungerne!!

MARC

LEADER 00000nam a2200000 4500
001 c124061
005 20221221084426.7
041 0 |a eng 
044 |a FR 
245 1 0 |a Knowledge, technology and economic growth  |b recent evidence from OECD countries  |c by Andrea Bassanini, Stefano Scarpetta and Ignazio Visco 
264 1 |a Paris  |b OECD-Economics Department  |c 2000 
300 |a 38 s. 
490 1 |a Working papers  |v no. 259 
830 0 |a Working papers  |v no. 259 
610 2 0 |a technológia 
610 2 0 |a rast hospodársky 
610 2 0 |a produktivita 
610 2 0 |a kapitál ľudský 
610 2 0 |a OECD 
100 1 |a Bassanini, Andrea 
700 1 |a Scarpetta, Stefano 
700 1 |a Visco, Ignazio